Situácia na trhu leteckej dopravy v Európe včera a dnes
Vývoj trhu leteckej dopravy v Európe. Letecké spoločnosti. Letové prevádzkové služby "podniky riadenia letovej prevádzky". Letiská.
Gespeichert in:
| 1. Verfasser: | |
|---|---|
| Weitere Verfasser: | |
| Format: | Buchkapitel |
| Sprache: | Slowakisch |
| Schlagworte: | |
| Tags: |
Keine Tags, Fügen Sie das erste Tag hinzu!
|
MARC
| LEADER | 00000naa$a2200000$$$4500 | ||
|---|---|---|---|
| 001 | 0093745 | ||
| 005 | 20231121095655.7 | ||
| 041 | 0 | |a slo | |
| 044 | |a SK | ||
| 245 | 1 | 0 | |a Situácia na trhu leteckej dopravy v Európe včera a dnes |c Alena Sedláčková, Andrej Novák |
| 520 | |a Vývoj trhu leteckej dopravy v Európe. Letecké spoločnosti. Letové prevádzkové služby "podniky riadenia letovej prevádzky". Letiská. | ||
| 610 | 2 | 0 | |a doprava letecká |
| 610 | 2 | 0 | |a trh |
| 610 | 2 | 0 | |a letiská |
| 610 | 2 | 0 | |a spoločnosti letecké |
| 100 | 1 | |a Sedláčková, Alena | |
| 700 | 1 | |a Novák, Andrej | |